000 00767nam a2200193 a 4500
008 120416s1992 xx |||||||||||||| || u
020 _a1557752346
050 _aIMF(08)
100 _aGoldstein, Morris
245 1 0 _aPolicy issues in the evolving international monetary system
260 _a
_bIMF
_c1992
300 _avii, 74p. : ill.
350 _a0.00
650 _aINTERNATIONAL FINANCE
650 _aMONETARY POLICY
650 _aFISCAL POLICY
995 _aSPECIAL COLLECTIONS
_D0.00
_e024777
_FCBU-MAIN LIBRARY (Kitwe)
_H1
_I0.00
_jIMF(08)OP/ 96B
_M2
_UAVAILABLE
_WApr 8, 2008
_y024777
_ZInternational Publications
995 _aSPECIAL COLLECTIONS
_D0.00
_e024776
_FCBU-MAIN LIBRARY (Kitwe)
_H1
_I15.00
_jIMF(08)OP/ 96A
_M1
_UAVAILABLE
_y024776
_ZInternational Publications
999 _c82017
_d82017